<?xml version="1.0" encoding="UTF-8"?>
<record
    xmlns:xsi="http://www.w3.org/2001/XMLSchema-instance"
    xsi:schemaLocation="http://www.loc.gov/MARC21/slim http://www.loc.gov/standards/marcxml/schema/MARC21slim.xsd"
    xmlns="http://www.loc.gov/MARC21/slim">

  <leader>01938nam a22003017a 4500</leader>
  <controlfield tag="001">1616</controlfield>
  <controlfield tag="003">FISKH</controlfield>
  <controlfield tag="005">20250530115100.0</controlfield>
  <controlfield tag="008">230911b        cb ||||| |||| 00| 0 khr d</controlfield>
  <datafield tag="020" ind1=" " ind2=" ">
    <subfield code="a">9789996305450</subfield>
  </datafield>
  <datafield tag="040" ind1=" " ind2=" ">
    <subfield code="a">FISKH </subfield>
    <subfield code="b">eng</subfield>
    <subfield code="c">FISKH </subfield>
    <subfield code="d">FISKH </subfield>
  </datafield>
  <datafield tag="082" ind1=" " ind2=" ">
    <subfield code="a">599.67</subfield>
  </datafield>
  <datafield tag="100" ind1=" " ind2=" ">
    <subfield code="a">Sueyoshi, Akiko </subfield>
  </datafield>
  <datafield tag="245" ind1=" " ind2=" ">
    <subfield code="a">&#x1780;&#x17BC;&#x1793;&#x178A;&#x17C6;&#x179A;&#x17B8;&#x179B;&#x17BF;&#x1784;&#x179A;&#x1794;&#x179F;&#x17CB;&#x1798;&#x17C9;&#x17B6;&#x1780;&#x17CB; /  </subfield>
    <subfield code="c">&#x1793;&#x17B7;&#x1796;&#x1793;&#x17D2;&#x1792;&#x178A;&#x17C4;&#x1799; &#x17A2;&#x17B6;&#x1782;&#x17B7;&#x1780;&#x17BB; &#x179F;&#x17CA;&#x17BC;&#x17A2;&#x17B7;&#x1799;&#x17C9;&#x17BC;&#x179F;&#x17CA;&#x17B8; - &#x179A;&#x17BC;&#x1794;&#x1782;&#x17C6;&#x1793;&#x17BC;&#x179A;&#x178A;&#x17C4;&#x1799; &#x1799;&#x17BB; - &#x1794;&#x1780;&#x1794;&#x17D2;&#x179A;&#x17C2;&#x1796;&#x17B8;&#x1797;&#x17B6;&#x179F;&#x17B6;&#x1787;&#x1794;&#x17C9;&#x17BB;&#x1793;&#x178A;&#x17C4;&#x1799; &#x1791;&#x17B6; &#x179F;&#x17CA;&#x17B6;&#x1784;&#x17A0;&#x17BD;&#x1784; </subfield>
  </datafield>
  <datafield tag="250" ind1=" " ind2=" ">
    <subfield code="a">&#x1794;&#x17C4;&#x17C7;&#x1796;&#x17BB;&#x1798;&#x17D2;&#x1796;&#x179B;&#x17BE;&#x1780;&#x1791;&#x17B8; &#x17E4; &#x1781;&#x17C2;&#x1780;&#x1780;&#x17D2;&#x1780;&#x178A;&#x17B6; &#x1786;&#x17D2;&#x1793;&#x17B6;&#x17C6; &#x17E2;&#x17E0;&#x17E2;&#x17E1;</subfield>
  </datafield>
  <datafield tag="260" ind1=" " ind2=" ">
    <subfield code="a">Tokyo : </subfield>
    <subfield code="b">Sipar, </subfield>
    <subfield code="c">2010. </subfield>
  </datafield>
  <datafield tag="300" ind1=" " ind2=" ">
    <subfield code="a">152 pages : </subfield>
    <subfield code="b">illustrations ; </subfield>
    <subfield code="c">19 cm</subfield>
  </datafield>
  <datafield tag="490" ind1=" " ind2=" ">
    <subfield code="a">&#x17A2;&#x1780;&#x17D2;&#x179F;&#x179F;&#x17B7;&#x179B;&#x17D2;&#x1794;&#x17CD;&#x1799;&#x17BB;&#x179C;&#x179C;&#x17D0;&#x1799;</subfield>
  </datafield>
  <datafield tag="505" ind1=" " ind2=" ">
    <subfield code="a">Z'
</subfield>
  </datafield>
  <datafield tag="520" ind1=" " ind2=" ">
    <subfield code="a">&#x1783;&#x17BE;&#x1789;&#x178F;&#x17B6;&#x1798;&#x1780;&#x17D2;&#x179A;&#x179F;&#x17C2;&#x1797;&#x17D2;&#x1793;&#x17C2;&#x1780;&#x179A;&#x1794;&#x179F;&#x17CB;&#x1780;&#x17D2;&#x1798;&#x17C1;&#x1784;&#x1794;&#x17D2;&#x179A;&#x17BB;&#x179F;&#x17A2;&#x17B6;&#x1799;&#x17BB; &#x17E1;&#x17E1;&#x1786;&#x17D2;&#x1793;&#x17B6;&#x17C6;&#x1798;&#x17D2;&#x1793;&#x17B6;&#x1780;&#x17CB; &#x1793;&#x17C1;&#x17C7;&#x1787;&#x17B6;&#x179A;&#x17BF;&#x1784;&#x178A;&#x17CF;&#x1780;&#x17C6;&#x1794;&#x17D2;&#x179B;&#x17BB;&#x1780;&#x1780;&#x17C6;&#x1794;&#x17D2;&#x179B;&#x17C2;&#x1784;&#x179A;&#x1794;&#x179F;&#x17CB;&#x1793;&#x17B6;&#x179A;&#x17B8;&#x178A;&#x17C2;&#x179B;&#x1791;&#x17BE;&#x1794;&#x1793;&#x17B9;&#x1784;&#x179B;&#x17C2;&#x1784;&#x179B;&#x17C7;&#x1782;&#x17D2;&#x1793;&#x17B6; &#x178A;&#x17C2;&#x179B;&#x1798;&#x17BE;&#x179B;&#x1790;&#x17C2;&#x1780;&#x17BC;&#x1793;&#x1791;&#x17B6;&#x17C6;&#x1784;&#x1796;&#x17B8;&#x179A;&#x179A;&#x1794;&#x179F;&#x17CB;&#x1793;&#x17B6;&#x1784;&#x17D4; &#x179A;&#x17BF;&#x1784;&#x178A;&#x17CF;&#x1796;&#x17C1;&#x1789;&#x1793;&#x17B7;&#x1799;&#x1798;&#x1793;&#x17C1;&#x17C7;&#x1780;&#x17CF;&#x178F;&#x17D2;&#x179A;&#x17BC;&#x179C;&#x1794;&#x17B6;&#x1793;&#x1780;&#x17C2;&#x179F;&#x1798;&#x17D2;&#x179A;&#x17BD;&#x179B;&#x179F;&#x1798;&#x17D2;&#x179A;&#x17B6;&#x1794;&#x17CB;&#x1791;&#x17BC;&#x179A;&#x1791;&#x179F;&#x17D2;&#x179F;&#x1793;&#x17CD;&#x1787;&#x1794;&#x17C9;&#x17BB;&#x1793;&#x1795;&#x1784;&#x178A;&#x17C2;&#x179A;&#x17D4;</subfield>
  </datafield>
  <datafield tag="520" ind1=" " ind2=" ">
    <subfield code="a">Seen through the eyes of an eleven-year-old boy, this is a humorous story of a recently divorced woman looking after her two children. This popular story has also been adapted for Japanese television.</subfield>
  </datafield>
  <datafield tag="521" ind1="8" ind2=" ">
    <subfield code="a">920
</subfield>
    <subfield code="b">Lexile estimate
</subfield>
  </datafield>
  <datafield tag="521" ind1="8" ind2=" ">
    <subfield code="a">Z'
</subfield>
    <subfield code="b">Raz-Plus
</subfield>
  </datafield>
  <datafield tag="650" ind1=" " ind2=" ">
    <subfield code="a">&#x1792;&#x17D2;&#x179C;&#x17C1;&#x179F;&#x1794;&#x17D2;&#x179A;&#x17A0;&#x17C2;&#x179F; </subfield>
    <subfield code="v">&#x17A1;&#x17B6;&#x1793; </subfield>
    <subfield code="x">&#x179B;&#x17C1;&#x1784;&#x179B;&#x17C7; </subfield>
  </datafield>
  <datafield tag="650" ind1=" " ind2=" ">
    <subfield code="a">Careless </subfield>
    <subfield code="v">Car </subfield>
    <subfield code="x">Divorce </subfield>
  </datafield>
  <datafield tag="700" ind1=" " ind2=" ">
    <subfield code="a">Yu </subfield>
    <subfield code="e">illustrator </subfield>
  </datafield>
  <datafield tag="942" ind1=" " ind2=" ">
    <subfield code="2">ddc</subfield>
    <subfield code="c">KHB</subfield>
    <subfield code="n">0</subfield>
  </datafield>
  <datafield tag="999" ind1=" " ind2=" ">
    <subfield code="c">1616</subfield>
    <subfield code="d">1616</subfield>
  </datafield>
  <datafield tag="952" ind1=" " ind2=" ">
    <subfield code="0">0</subfield>
    <subfield code="1">0</subfield>
    <subfield code="2">ddc</subfield>
    <subfield code="4">0</subfield>
    <subfield code="7">0</subfield>
    <subfield code="8">KH</subfield>
    <subfield code="a">001</subfield>
    <subfield code="b">001</subfield>
    <subfield code="c">KHRS</subfield>
    <subfield code="d">2023-09-11</subfield>
    <subfield code="l">0</subfield>
    <subfield code="o">SUE 599.67</subfield>
    <subfield code="p">2023-0562</subfield>
    <subfield code="r">2023-09-11 14:01:53</subfield>
    <subfield code="t">1</subfield>
    <subfield code="w">2023-09-11</subfield>
    <subfield code="y">KHB</subfield>
  </datafield>
  <datafield tag="952" ind1=" " ind2=" ">
    <subfield code="0">0</subfield>
    <subfield code="1">0</subfield>
    <subfield code="2">ddc</subfield>
    <subfield code="4">0</subfield>
    <subfield code="7">0</subfield>
    <subfield code="8">KH</subfield>
    <subfield code="a">001</subfield>
    <subfield code="b">001</subfield>
    <subfield code="c">KHRS</subfield>
    <subfield code="d">2023-09-11</subfield>
    <subfield code="l">0</subfield>
    <subfield code="o">SUE 599.67</subfield>
    <subfield code="p">2023-0563</subfield>
    <subfield code="r">2023-09-11 14:02:05</subfield>
    <subfield code="t">2</subfield>
    <subfield code="w">2023-09-11</subfield>
    <subfield code="y">KHB</subfield>
  </datafield>
  <datafield tag="952" ind1=" " ind2=" ">
    <subfield code="0">0</subfield>
    <subfield code="1">0</subfield>
    <subfield code="2">ddc</subfield>
    <subfield code="4">0</subfield>
    <subfield code="7">0</subfield>
    <subfield code="8">KH</subfield>
    <subfield code="a">001</subfield>
    <subfield code="b">001</subfield>
    <subfield code="c">KHRS</subfield>
    <subfield code="d">2023-09-11</subfield>
    <subfield code="l">0</subfield>
    <subfield code="o">SUE 599.67</subfield>
    <subfield code="p">FISTK05098</subfield>
    <subfield code="r">2023-10-10 08:36:03</subfield>
    <subfield code="t">3</subfield>
    <subfield code="w">2023-09-11</subfield>
    <subfield code="y">KHB</subfield>
  </datafield>
  <datafield tag="952" ind1=" " ind2=" ">
    <subfield code="0">0</subfield>
    <subfield code="1">0</subfield>
    <subfield code="2">ddc</subfield>
    <subfield code="4">0</subfield>
    <subfield code="7">0</subfield>
    <subfield code="8">KH</subfield>
    <subfield code="a">002</subfield>
    <subfield code="b">002</subfield>
    <subfield code="c">TTP Khmer</subfield>
    <subfield code="d">2023-09-11</subfield>
    <subfield code="l">2</subfield>
    <subfield code="o">SUE 599.67</subfield>
    <subfield code="p">FIS05165</subfield>
    <subfield code="r">2025-09-30 10:23:40</subfield>
    <subfield code="s">2025-07-15</subfield>
    <subfield code="t">4</subfield>
    <subfield code="w">2023-09-11</subfield>
    <subfield code="y">KHB</subfield>
  </datafield>
  <datafield tag="952" ind1=" " ind2=" ">
    <subfield code="0">0</subfield>
    <subfield code="1">0</subfield>
    <subfield code="2">ddc</subfield>
    <subfield code="4">0</subfield>
    <subfield code="7">0</subfield>
    <subfield code="8">KH</subfield>
    <subfield code="a">001</subfield>
    <subfield code="b">001</subfield>
    <subfield code="c">SKB</subfield>
    <subfield code="d">2023-09-11</subfield>
    <subfield code="l">1</subfield>
    <subfield code="o">SUE 599.67</subfield>
    <subfield code="p">FIS01547</subfield>
    <subfield code="r">2025-03-11 16:28:35</subfield>
    <subfield code="s">2025-03-11</subfield>
    <subfield code="t">5</subfield>
    <subfield code="w">2023-09-11</subfield>
    <subfield code="y">KHB</subfield>
  </datafield>
  <datafield tag="952" ind1=" " ind2=" ">
    <subfield code="0">0</subfield>
    <subfield code="1">0</subfield>
    <subfield code="2">ddc</subfield>
    <subfield code="4">0</subfield>
    <subfield code="7">0</subfield>
    <subfield code="8">KH</subfield>
    <subfield code="a">002</subfield>
    <subfield code="b">002</subfield>
    <subfield code="c">TTP Khmer</subfield>
    <subfield code="d">2023-09-11</subfield>
    <subfield code="l">1</subfield>
    <subfield code="o">SUE 599.67</subfield>
    <subfield code="p">FIS05245</subfield>
    <subfield code="r">2025-03-11 17:00:41</subfield>
    <subfield code="s">2025-03-11</subfield>
    <subfield code="t">6</subfield>
    <subfield code="w">2023-09-11</subfield>
    <subfield code="y">KHB</subfield>
  </datafield>
  <datafield tag="952" ind1=" " ind2=" ">
    <subfield code="0">0</subfield>
    <subfield code="1">0</subfield>
    <subfield code="2">ddc</subfield>
    <subfield code="4">0</subfield>
    <subfield code="7">0</subfield>
    <subfield code="8">KH</subfield>
    <subfield code="a">002</subfield>
    <subfield code="b">002</subfield>
    <subfield code="c">SKB</subfield>
    <subfield code="d">2023-09-11</subfield>
    <subfield code="l">0</subfield>
    <subfield code="o">SUE 599.67</subfield>
    <subfield code="p">FIS05246</subfield>
    <subfield code="r">2024-09-20 13:31:38</subfield>
    <subfield code="t">7</subfield>
    <subfield code="w">2023-09-11</subfield>
    <subfield code="y">KHB</subfield>
  </datafield>
  <datafield tag="952" ind1=" " ind2=" ">
    <subfield code="0">0</subfield>
    <subfield code="1">0</subfield>
    <subfield code="2">ddc</subfield>
    <subfield code="4">0</subfield>
    <subfield code="7">0</subfield>
    <subfield code="8">KH</subfield>
    <subfield code="a">002</subfield>
    <subfield code="b">001</subfield>
    <subfield code="c">SKB</subfield>
    <subfield code="d">2023-09-11</subfield>
    <subfield code="l">1</subfield>
    <subfield code="o">SUE 599.67</subfield>
    <subfield code="p">FIS03139</subfield>
    <subfield code="r">2025-03-11 16:31:11</subfield>
    <subfield code="s">2025-03-11</subfield>
    <subfield code="t">8</subfield>
    <subfield code="w">2023-09-11</subfield>
    <subfield code="y">KHB</subfield>
  </datafield>
</record>
